[Event "Chess Time"]
[Site "http://www.queenalice.com/game.php?id=622650"]
[Date "2009.7.21"]
[Round "-"]
[White "InsaneCannibalElf"]
[Black "faelgalodoido"]
[Result "0-1"]
[WhiteElo "1613"]
[BlackElo "1414"]

1. f4 e6 2. Nf3 d5 3. e3 h6 4. b3 Nf6 5. d4 Ne4 6. Bd3 Be7 7. O-O Nc6 8. c4 Bb4
9. c5 Bc3 10. Nxc3 Nxc3 11. Qc2 Ne4 12. Bxe4 Nb4 13. Qd2 dxe4 14. Ne5 Nd5 15.
Ba3 b6 16. cxb6 axb6 17. Bb4 Nxb4 18. Qxb4 Qd6 19. Qb5+ Bd7 20. Nxd7 Qxd7 21.
Qe5 f5 22. a4 O-O 23. Rad1 Rf6 24. d5 Ra5 25. dxe6 Qxe6 26. Qxc7 Qxb3 27. Rd7
Qxe3+ 28. Kh1 Rg6 29. Qc4+ Kh7 30. Rd8 Rg4 0-1

[Event "Let's Play Chess!"]
[Site "http://www.queenalice.com/game.php?id=633922"]
[Date "2009.8.10"]
[Round "-"]
[White "InsaneCannibalElf"]
[Black "BobySponja"]
[Result "0-1"]
[WhiteElo "1463"]
[BlackElo "1772"]

1. f4 d5 2. Nf3 e5 3. fxe5 Bg4 4. d4 Nc6 5. e3 Nh6 6. Be2 Be7 7. O-O Bxf3 8.
Bxf3 Nf5 9. Nc3 Qd7 10. Bxd5 O-O 11. Qg4 g6 12. a3 Rad8 13. e4 Nfxd4 14. Qxd7
Rxd7 15. Bh6 Nxe5 16. Bxf8 Bxf8 17. b4 Nxc2 18. Ra2 Ne3 19. Re1 Nxd5 20. exd5
Bg7 21. Ne4 Rxd5 22. Nc5 b6 23. Na6 Rd7 24. Rae2 h6 25. Rxe5 Bxe5 26. Rxe5 Kf8
27. h3 Kg7 28. Nb8 Rd3 29. a4 Rd4 30. Na6 c6 31. Re7 Rd1+ 32. Kf2 Ra1 33. b5
cxb5 34. axb5 Rb1 35. Nc7 g5 36. g4 Rb2+ 37. Kg3 Rb3+ 38. Kg2 Kg6 39. Re4 Rc3
40. Nd5 Rc5 41. Ne7+ Kg7 42. Nf5+ Kf6 43. Rb4 Kg6 44. Rb3 f6 45. Nd4 h5 46. Kg3
h4+ 47. Kg2 Rd5 48. Nc6 Rd2+ 49. Kg1 Rd1+ 50. Kf2 Rd2+ 51. Ke3 Rh2 52. Ke4 Rg2
53. Ne7+ Kf7 54. Nf5 Re2+ 0-1

[Event "AUTO-INT-1417"]
[Site "http://www.queenalice.com/game.php?id=637596"]
[Date "2009.8.16"]
[Round "1"]
[White "Michihall"]
[Black "InsaneCannibalElf"]
[Result "0-1"]
[WhiteElo "1763"]
[BlackElo "1570"]

1. d4 d5 2. c4 c6 3. Nc3 Bf5 4. Nf3 Nf6 5. Bg5 e6 6. e3 Nbd7 7. Bd3 Bg4 8. cxd5
cxd5 9. h3 Bh5 10. O-O Bd6 11. Nb5 Be7 12. Be2 a6 13. Nc3 O-O 14. Bf4 b5 15. Ne5
Bxe2 16. Qxe2 b4 17. Na4 Ne4 18. f3 Nd6 19. Nc6 Qe8 20. Rfc1 Nf5 21. Nxe7+ Qxe7
22. Nc5 a5 23. Qb5 Nf6 24. Qa4 Nh5 25. Rc2 Nxf4 26. exf4 Nxd4 27. Rac1 Nxc2 28.
Rxc2 Qa7 29. Kh1 Rfc8 30. Nd3 Qa6 31. Rxc8+ Rxc8 32. a3 Qxd3 33. Qd7 Rf8 0-1

[Event "AUTO-INT-1417"]
[Site "http://www.queenalice.com/game.php?id=637597"]
[Date "2009.8.16"]
[Round "1"]
[White "InsaneCannibalElf"]
[Black "Michihall"]
[Result "0-1"]
[WhiteElo "1618"]
[BlackElo "1734"]

1. f4 d5 2. Nf3 Nf6 3. d4 Bg4 4. e3 e6 5. a3 Bd6 6. Bd3 O-O 7. O-O Nc6 8. Nbd2
h6 9. b4 a6 10. Bb2 a5 11. b5 Ne7 12. c4 c6 13. c5 Bc7 14. b6 Bb8 15. Qe1 Re8
16. Ne5 Bxe5 17. fxe5 Nh7 18. e4 Bh5 19. Qh4 Bg6 20. Be2 Ng5 21. exd5 exd5 22.
Bh5 Nf5 23. Qg4 Ne3 24. Qe2 Nxf1 25. Rxf1 Bxh5 26. Qxh5 Re7 27. Bc1 Qe8 28. h4
Nh7 29. Qg4 Re6 30. h5 Ng5 31. Nf3 Nxf3+ 32. Rxf3 Qe7 33. Rg3 Qf8 34. Qf3 f5 35.
Qf4 Qe7 36. Be3 Kf8 37. Bf2 Qf7 38. Rf3 Qxh5 39. g4 Qg5 40. Qxf5+ Qxf5 41. gxf5
Re7 42. Bh4 Ree8 43. e6 Kg8 44. Kg2 g6 45. Rg3 g5 46. Rg4 Kg7 47. Bg3 Kf6 48.
Be5+ Kxf5 49. Rg3 Rxe6 50. Rf3+ Kg6 51. Kg3 h5 52. a4 Rg8 53. Rf2 Re7 54. Rf6+
Kh7 55. Rf5 Rg6 56. Kh3 Kg8 57. Kg3 Rf7 58. Rf3 Rxf3+ 59. Kxf3 g4+ 60. Kg3 Rg5
61. Kh4 Rf5 62. Bg3 Kh7 63. Be5 Kg6 64. Bg3 Rf3 0-1

[Event "AUTO-INT-1417"]
[Site "http://www.queenalice.com/game.php?id=637612"]
[Date "2009.8.16"]
[Round "1"]
[White "felipe_jp"]
[Black "InsaneCannibalElf"]
[Result "0-1"]
[WhiteElo "1358"]
[BlackElo "1607"]

1. e4 e5 2. d3 Nc6 3. Be3 Nf6 4. Be2 d5 5. exd5 Nxd5 6. c4 Nf6 7. Nc3 Bf5 8. g4
Bg6 9. Nb5 Bb4+ 10. Bd2 a6 11. Nc3 e4 12. dxe4 Bxc3 13. Bxc3 O-O 14. Nf3 Nxe4
15. Bd3 Qe7 16. Bxe4 Bxe4 17. Rc1 Rad8 18. Qe2 Bxf3 19. Bb4 Qxe2# 0-1

[Event "AUTO-INT-1417"]
[Site "http://www.queenalice.com/game.php?id=637613"]
[Date "2009.8.16"]
[Round "1"]
[White "InsaneCannibalElf"]
[Black "felipe_jp"]
[Result "0-1"]
[WhiteElo "1509"]
[BlackElo "1372"]

1. f4 e6 2. Nf3 Nf6 3. e3 Bd6 4. a3 O-O 5. d4 c5 6. c3 cxd4 7. cxd4 Ng4 8. Bd3
Nc6 9. O-O a6 10. Ng5 h6 11. Nh7 Re8 12. Qxg4 f5 13. Qg6 Ne7 14. Nf6+ Kf8 15.
Nxd7+ Bxd7 16. Qg3 Bb5 17. Bxb5 axb5 18. Nc3 b4 19. Nb5 g5 20. Qh3 g4 21. Qxh6+
Kg8 22. Qxe6+ Kh8 23. Nxd6 Rf8 24. Nf7+ Rxf7 25. Qxf7 Rc8 26. Bd2 Rc2 0-1

[Event "AUTO-INT-1417"]
[Site "http://www.queenalice.com/game.php?id=637624"]
[Date "2009.8.16"]
[Round "1"]
[White "InsaneCannibalElf"]
[Black "ReidoBaralho"]
[Result "1-0"]
[WhiteElo "1536"]
[BlackElo "1575"]

1. f4 e6 2. Nf3 Bd6 3. e3 g6 4. Bc4 b6 5. O-O Bb7 6. Nc3 Bxf3 7. Qxf3 Nf6 8. b3
c6 9. Bb2 O-O 10. Ne4 Nxe4 11. Qxe4 b5 12. Qd4 f6 13. Qxd6 bxc4 14. bxc4 h5 15.
c5 h4 16. Qd3 f5 17. e4 h3 18. g3 a5 19. Qd4 Rf7 20. Qh8# 1-0

[Event "AUTO-INT-1417"]
[Site "http://www.queenalice.com/game.php?id=637625"]
[Date "2009.8.16"]
[Round "1"]
[White "ReidoBaralho"]
[Black "InsaneCannibalElf"]
[Result "0-1"]
[WhiteElo "1557"]
[BlackElo "1554"]

1. e4 e5 2. Qh5 Nc6 3. Nf3 g6 4. Qh3 d6 5. Qg3 Nf6 6. Bc4 Be7 7. Ng5 O-O 8. Be2
Nd4 9. Na3 Nxe2 10. Kxe2 Nh5 11. Qf3 Bxg5 12. c4 Nf6 13. h3 b6 14. b4 Bb7 15. h4
Bxe4 16. Qb3 Bf4 17. f3 Bb7 18. b5 Qe7 19. Rh3 e4 20. Bb2 exf3+ 21. Kd1 Qe2+ 22.
Kc2 Qxd2+ 23. Kb1 Be4+ 24. Nc2 Qd1+ 25. Bc1 Qxc1# 0-1

[Event "Challenge"]
[Site "http://www.queenalice.com/game.php?id=643674"]
[Date "2009.8.28"]
[Round "-"]
[White "Saintsalles"]
[Black "InsaneCannibalElf"]
[Result "0-1"]
[WhiteElo "1793"]
[BlackElo "1594"]

1. e4 e5 2. Bc4 Nc6 3. a4 Nf6 4. c3 d5 5. exd5 Nxd5 6. h3 Be6 7. d3 Bc5 8. d4
exd4 9. b4 Bd6 10. b5 Na5 11. Bxd5 Bxd5 12. Qxd4 Qe7+ 13. Ne2 Bxg2 14. Rg1 Bxh3
15. Qxg7 O-O-O 16. Bg5 Qe8 17. Bxd8 Qxd8 18. Nd2 Re8 19. Rd1 Qe7 20. Ne4 Nc4 21.
Qd4 Ne5 22. Nxd6+ cxd6 23. Rg3 Nf3+ 24. Rxf3 Qxe2# 0-1

[Event "AUTO-INT-1432"]
[Site "http://www.queenalice.com/game.php?id=645598"]
[Date "2009.9.1"]
[Round "1"]
[White "InsaneCannibalElf"]
[Black "nicholasmorassutti"]
[Result "0-1"]
[WhiteElo "1589"]
[BlackElo "1390"]

1. f4 d5 2. Nf3 e6 3. e3 Nf6 4. d4 Nc6 5. Nc3 a6 6. a4 Nb4 7. b3 c5 8. Ba3 Ne4
9. Nxe4 dxe4 10. Ne5 f6 11. Ng4 h5 12. Nf2 f5 13. Be2 cxd4 14. exd4 Nc6 15. c3
e3 16. Nd3 Qh4+ 17. g3 Qh3 18. Qc1 Qg2 19. Rf1 Qxh2 20. Qxe3 h4 21. O-O-O Bxa3+
22. Kb1 hxg3 23. Rh1 Qxh1 24. Rxh1 Rxh1+ 25. Ka2 Bc1 26. Qxg3 Bd2 27. Qg2 Rh8
28. Qxg7 Rh2 29. Qg6+ Kf8 30. d5 Ne7 31. Qf6+ Ke8 32. Ka3 Rxe2 33. Qh8+ Kd7 0-1

[Event "AUTO-INT-1432"]
[Site "http://www.queenalice.com/game.php?id=645599"]
[Date "2009.9.1"]
[Round "1"]
[White "nicholasmorassutti"]
[Black "InsaneCannibalElf"]
[Result "1-0"]
[WhiteElo "1414"]
[BlackElo "1565"]

1. d4 d5 2. c4 c6 3. c5 Bg4 4. f3 Bf5 5. g4 Bg6 6. h4 h5 7. g5 Nd7 8. b4 e5 9.
Be3 exd4 10. Qxd4 Qe7 11. Bf4 f6 12. Bd6 Qf7 13. Bh3 Bxd6 14. cxd6 Ne5 15. e4
Rd8 16. Qxa7 Rxd6 17. a4 Nxf3+ 18. Nxf3 Qe7 19. Nbd2 Bxe4 20. O-O Qc7 21. Rae1
Ne7 22. b5 O-O 23. gxf6 Rdxf6 24. Qe3 Rg6+ 25. Ng5 Rxf1+ 26. Rxf1 cxb5 27. Qf2
Rf6 28. Be6+ Kh8 29. Nf7+ Kh7 30. Qe3 Rg6+ 31. Ng5+ Kh8 32. Rf8+ 1-0

[Event "AUTO-INT-1432"]
[Site "http://www.queenalice.com/game.php?id=645600"]
[Date "2009.9.1"]
[Round "1"]
[White "InsaneCannibalElf"]
[Black "ThiagoTanaka"]
[Result "0-1"]
[WhiteElo "1459"]
[BlackElo "1741"]

1. f4 c6 2. Nf3 d5 3. e3 Bf5 4. d4 Nd7 5. b3 Ngf6 6. Bd3 Bxd3 7. cxd3 e6 8. Nc3
Bb4 9. Bd2 O-O 10. a3 Bd6 11. O-O c5 12. e4 dxe4 13. dxe4 cxd4 14. Nxd4 Bc5 15.
Be3 Nb6 16. e5 Nfd5 17. Nxd5 Qxd5 18. Nc2 Bxe3+ 19. Nxe3 Qxd1 20. Raxd1 Rad8 21.
a4 Nd7 22. Nc4 Nc5 23. Na5 b6 24. Nc6 Rxd1 25. Rxd1 Nxb3 26. Rd7 a6 27. Kf2 b5
28. axb5 axb5 29. Rb7 g6 30. Rxb5 Nd2 31. g4 Ra8 32. Na5 Rc8 33. Nc6 Rxc6 34.
Rb8+ Kg7 35. g5 Rc3 36. Rd8 Nb3 37. Kg2 Nc5 38. Rd4 Na6 39. h3 Nc7 40. h4 Nd5
41. Kf2 Rb3 42. Kg2 Rb4 0-1

[Event "AUTO-INT-1432"]
[Site "http://www.queenalice.com/game.php?id=645601"]
[Date "2009.9.1"]
[Round "1"]
[White "ThiagoTanaka"]
[Black "InsaneCannibalElf"]
[Result "1-0"]
[WhiteElo "1746"]
[BlackElo "1454"]

1. d4 d5 2. Bf4 Nf6 3. Nf3 Nc6 4. Nbd2 Bg4 5. e3 e6 6. Be2 Bd6 7. Bxd6 Qxd6 8.
O-O O-O-O 9. h3 Bh5 10. c4 Ne4 11. Nxe4 Qe7 12. cxd5 exd5 13. Ng3 Bg6 14. Bb5 h5
15. Bxc6 bxc6 16. Qa4 h4 17. Ne2 f6 18. Qxc6 Qd6 19. Rfc1 Qxc6 20. Rxc6 Bf5 21.
Rac1 Rd7 22. Nc3 Kd8 23. Nb5 Rh7 24. Rxc7 g5 25. Rxd7+ Rxd7 26. Rc6 Ke7 27. Rc7
Rxc7 28. Nxc7 Kd6 29. Nb5+ Ke7 30. Nxa7 Bd7 31. b4 Kd6 32. b5 Kc7 33. Nc6 Kb6
34. a4 Kc7 35. Na5 Kb6 36. Nb3 Bc8 37. Kh2 Be6 38. g3 hxg3+ 39. fxg3 Bf5 40. Ne1
Be4 41. h4 gxh4 42. gxh4 1-0

[Event "AUTO-INT-1432"]
[Site "http://www.queenalice.com/game.php?id=645602"]
[Date "2009.9.1"]
[Round "1"]
[White "InsaneCannibalElf"]
[Black "saraquette"]
[Result "0-1"]
[WhiteElo "1488"]
[BlackElo "1559"]

1. f4 d5 2. Nf3 Nc6 3. d4 Bf5 4. Bd2 e6 5. e3 Nf6 6. Bd3 Bxd3 7. cxd3 Be7 8. a3
O-O 9. O-O Ng4 10. Nc3 a6 11. Ng5 h6 0-1

[Event "AUTO-INT-1436"]
[Site "http://www.queenalice.com/game.php?id=647593"]
[Date "2009.9.5"]
[Round "1"]
[White "diego2907"]
[Black "InsaneCannibalElf"]
[Result "1-0"]
[WhiteElo "1780"]
[BlackElo "1514"]

1. e4 e5 2. Bc4 Nf6 3. d3 Bc5 4. Nf3 d6 5. h3 a6 6. Bg5 b5 7. Bb3 a5 8. a3 a4 9.
Ba2 Bb7 10. Bxf6 Qxf6 11. Nbd2 Nd7 12. Qe2 c6 13. b4 Bd4 14. Nxd4 1-0

[Event "AUTO-INT-1436"]
[Site "http://www.queenalice.com/game.php?id=647594"]
[Date "2009.9.5"]
[Round "1"]
[White "InsaneCannibalElf"]
[Black "diego2907"]
[Result "0-1"]
[WhiteElo "1520"]
[BlackElo "1774"]

1. f4 d5 2. Nf3 Nf6 3. d4 Bg4 4. e3 e6 5. Bd2 h6 6. Be2 Bd6 7. O-O Nbd7 8. c4 c6
9. Nc3 a6 10. a3 Bxf3 11. Bxf3 dxc4 12. b3 cxb3 13. Qxb3 Rb8 0-1

[Event "AUTO-INT-1436"]
[Site "http://www.queenalice.com/game.php?id=647609"]
[Date "2009.9.5"]
[Round "1"]
[White "InsaneCannibalElf"]
[Black "Andre_Mendes"]
[Result "0-1"]
[WhiteElo "1531"]
[BlackElo "1645"]

1. f4 d5 2. Nf3 Nf6 3. d4 Bg4 4. e3 Nc6 5. Nc3 e6 6. Bd3 Bb4 7. O-O a6 8. a3
Bxc3 9. bxc3 O-O 10. a4 Ne7 11. Ba3 b6 12. c4 c5 13. cxd5 Nexd5 14. Qd2 Bxf3 15.
Rxf3 Re8 16. c4 Nc7 17. d5 exd5 18. Rd1 dxc4 19. Bxc4 Qxd2 0-1

[Event "AUTO-INT-1436"]
[Site "http://www.queenalice.com/game.php?id=647610"]
[Date "2009.9.5"]
[Round "1"]
[White "Andre_Mendes"]
[Black "InsaneCannibalElf"]
[Result "1-0"]
[WhiteElo "1633"]
[BlackElo "1543"]

1. e4 e5 2. Nf3 Nc6 3. Bb5 a6 4. Bxc6 bxc6 5. Nxe5 Qe7 6. f4 Nf6 7. d3 Bb7 8.
Nc3 d6 9. Ng4 Nd5 10. Nxd5 cxd5 11. O-O Qh4 12. g3 Qd8 13. b3 Be7 14. Bb2 f6 15.
exd5 Bxd5 16. c4 Bb7 17. d4 O-O 18. d5 1-0